Quiz F1 #1 - Statistiques

Statistiques générales
  • Ce quiz a été pris 191 fois
  • Le résultat moyen est 12 sur 16
Statistiques - réponses
Par images Réponse % Correct
Lando Norris
99%
Lewis Hamilton
99%
George Russel
94%
Pierre Gasly
86%
Esteban Ocon
83%
Lando Norris
83%
Lewis Hamilton
81%
Pierre Gasly
81%
Lando Norris
78%
Pierre Gasly
75%
lewis Hamilton
74%
Daniel Ricciardo
73%
Esteban Ocon
72%
Daniel Ricciardo
70%
Daniel Ricciardo
68%
Oscar Piatri
9%
Aucun quiz correspondant
Distribution des résultats
% des personnes avec chaque résultat
Percentile par nombre de réponses
Votre historique - résultats
Vous n’avez pas pris ce quiz